00525nam a22001457a 4500020002200000082001700022100001900039245009200058260007100150300000800221650001600229942000700245952011000252999001700362 a978-93-5148-311-3 a291.172bPON aPongerner, Mar aPeacemaking and Dialogue: Religious Approaches in the Quest for an interfaith Relations aLagalandbClark Center For Peace research and Action (CCPRA)c2018 a174 aInterfaith  cBK 00104070aHMIbHMId2019-02-25g750.00l4o291.172 PONp11-3881r2024-07-18s2024-07-12w2019-02-25yBK c22634d22634